Địa lý tỉnh Cần Thơ

Nội dung sách giới thiệu địa lý, kinh tế xã hội tỉnh Cần Thơ củ, bản đồ hành chính, bản đồ khoáng sản, vùng đất và con người Cần Thơ.

Đã lưu trong:
Sonraí Bibleagrafaíochta
Príomhúdar: Trần, Đức Sơn
Formáid: Leabhar
Teanga:Undetermined
Foilsithe: Cần Thơ Sở Giáo dục - Đào tạo 1996
Ábhair:
Clibeanna: Cuir Clib Leis
Gan Chlibeanna, Bí ar an gcéad duine leis an taifead seo a chlibeáil!
Thư viện lưu trữ: Trung tâm Học liệu Trường Đại học Cần Thơ
LEADER 00851nam a2200229Ia 4500
001 CTU_32840
008 210402s9999 xx 000 0 und d
020 |c 80000 
082 |a 915.97 
082 |b S464 
100 |a Trần, Đức Sơn 
245 0 |a Địa lý tỉnh Cần Thơ 
245 0 |c Trần Đức Sơn, Đỗ Thị Chính (Chủ biên) 
260 |a Cần Thơ 
260 |b Sở Giáo dục - Đào tạo 
260 |c 1996 
520 |a Nội dung sách giới thiệu địa lý, kinh tế xã hội tỉnh Cần Thơ củ, bản đồ hành chính, bản đồ khoáng sản, vùng đất và con người Cần Thơ. 
650 |a Atlas 
650 |z Cantho province 
904 |i Qhieu 
910 |a Qhieu 
980 |a Trung tâm Học liệu Trường Đại học Cần Thơ